|
|
|
|
| LEADER |
00000nas a2200000 a 4500 |
| 001 |
ssj0045118 |
| 003 |
WaSeSS |
| 005 |
20200512172242.0 |
| 006 |
m d |
| 007 |
cr n |
| 008 |
000303c19849999gw bx pss 0 a0eng c |
| 010 |
|
|
|a 2001229175
|
| 016 |
7 |
|
|a 013111472
|2 Uk
|
| 022 |
|
|
|a 1432-1017
|l 0175-7571
|y 0175-7571
|
| 030 |
|
|
|a EBJOE8
|
| 035 |
|
|
|a (WaSeSS)ssj0045118
|
| 040 |
|
|
|a ZCU
|b eng
|e pn
|c ZCU
|d FUG
|d OCLCQ
|d MUQ
|d WAU
|d VRC
|d OCLCQ
|d CCO
|d OCLCQ
|d OCLCO
|d OCLCF
|d OCLCO
|d OCLCQ
|d DLC
|d OCLCO
|d UKMGB
|d FTUBL
|d HUA
|d GKJ
|d I8H
|d IL4I7
|d LGG
|d TXJ
|d B3G
|d VPI
|d OCLCO
|d VT2
|d EZC
|d U3W
|d WYU
|d DLC
|d NJT
|d AU@
|d OCLCO
|d SCB
|d OCLCA
|d WaSeSS
|
| 042 |
|
|
|a pcc
|
| 050 |
0 |
0 |
|a QH505
|
| 060 |
0 |
0 |
|a W1
|b EU612M
|
| 210 |
0 |
|
|a Eur. biophys. j.
|b (Internet)
|
| 222 |
|
0 |
|a European biophysics journal
|b (Internet)
|
| 245 |
0 |
0 |
|a European biophysics journal
|h [electronic resource].
|
| 246 |
1 |
|
|a European biophysics journal with biophysics letters
|
| 260 |
|
|
|a Berlin :
|b Springer
|
| 310 |
|
|
|a Eight issues a year,
|b 2015-
|
| 321 |
|
|
|a Frequency varies,
|b 1997-2014
|
| 362 |
1 |
|
|a Print began with vol. 11, no. 1 (July 1984).
|
| 500 |
|
|
|a Biophysics letters are shorter articles for accelerated publication.
|
| 506 |
|
|
|a License restrictions may limit access.
|
| 515 |
|
|
|a Has occasional combined issue.
|
| 538 |
|
|
|a Mode of access: World Wide Web.
|
| 550 |
|
|
|a Issued by the European Biophysical Societies Association.
|
| 588 |
|
|
|a Description based on: Vol. 25, issue 1 (Oct. 1996); title from journal cover image on homepage (SpringerLink, viewed Dec. 22, 2004).
|
| 588 |
|
|
|a Latest issue consulted: Vol. 47, issue 8 (Dec. 2018) (viewed Dec. 14, 2018).
|
| 650 |
|
0 |
|a Biophysics
|v Periodicals.
|
| 650 |
|
6 |
|a Biophysique
|v Périodiques.
|
| 650 |
|
7 |
|a Biophysics.
|2 fast
|0 (OCoLC)fst00832656
|
| 650 |
|
2 |
|a Biophysics.
|
| 655 |
|
0 |
|a Electronic journals.
|
| 710 |
2 |
|
|a European Biophysical Societies Association.
|
| 776 |
0 |
8 |
|i Print version:
|t European biophysics journal
|x 0175-7571
|w (DLC) 85641738
|w (OCoLC)11035862
|
| 780 |
0 |
0 |
|t Biophysics of structure and mechanism (Online)
|w (DLC) 75647905
|w (OCoLC)773025682
|
| 850 |
|
|
|a DLC
|a FU
|
| 856 |
4 |
0 |
|z Full text available from Research Library: 01/01/1997 to 01/31/2019
|u https://search.proquest.com/publication/54057
|